Trayectoria de la anuc / (Registro nro. 4935)

Detalles MARC
000 -LEADER
fixed length control field 00986nam a2200205Ia 4500
003 - CONTROL NUMBER IDENTIFIER
control field OSt
005 - DATE AND TIME OF LATEST TRANSACTION
control field 20200408144028.0
008 - FIXED-LENGTH DATA ELEMENTS--GENERAL INFORMATION
fixed length control field 191128s9999 ck gr 000 0 spa d
040 ## - CATALOGING SOURCE
Original cataloging agency CO-JMCR
Transcribing agency CO-JMCR
041 0# - LANGUAGE CODE
Language code of text/sound track or separate title spa
082 04 - DEWEY DECIMAL CLASSIFICATION NUMBER
Classification number 301.35 /
Item number E74t
100 1# - MAIN ENTRY--PERSONAL NAME
Personal name Escobar, Cristina,
Relator term autor
9 (RLIN) 2850
245 10 - TITLE STATEMENT
Title Trayectoria de la anuc /
Statement of responsibility, etc. Cristina escobar
260 ## - PUBLICATION, DISTRIBUTION, ETC.
Place of publication, distribution, etc. Bogotá :
Name of publisher, distributor, etc. CINEP,
Date of publication, distribution, etc. 1982
300 ## - PHYSICAL DESCRIPTION
Extent 177 páginas ;
Dimensions 21 cm.
505 ## - FORMATTED CONTENTS NOTE
Formatted contents note Año 1966 -- Año 1967 -- Año 1968 -- Año 1969 -- Año 1970 -- Año 1971 -- Año 1972 -- Año 1973 -- Año 1974 -- Año 1975 -- Año 1976 -- Año 1977 -- Año 1978 -- Año 1979 -- Año 1980 -- Año 1981
520 ## - SUMMARY, ETC.
Summary, etc. La recopilación cronológica de los pricipales avances de la historia de la Asociación Nacional de Usuario Campesinos de Colombia, recopilados en este libro, es un trabajo documental elaborado con el interés de contribuir a llenar un espacio de información
650 14 - SUBJECT ADDED ENTRY--TOPICAL TERM
Topical term or geographic name entry element Campesinos ANUC
9 (RLIN) 2851
942 ## - ADDED ENTRY ELEMENTS (KOHA)
Source of classification or shelving scheme Dewey Decimal Classification
Koha item type Books
Existencias
Withdrawn status Lost status Source of classification or shelving scheme Materials specified (bound volume or other part) Damaged status Not for loan Home library Current library Shelving location Date acquired Source of acquisition Cost, normal purchase price Total Checkouts Full call number Barcode Date last seen Copy number Price effective from Koha item type
    Dewey Decimal Classification Donación--15/04/2019--     Biblioteca Pública José María del Castillo y Rada Biblioteca Pública José María del Castillo y Rada General Stacks 11/28/2019 Donación 0.00   301.35 / E74t 430001027 05/16/2024 Ej.1 11/28/2019 Books